Dimensions of organizational behavior

Uloženo v:
Podrobná bibliografie
Hlavní autor: Herbert, Theodore T (Autor)
Médium: Kniha
Jazyk:angličtina
Vydáno: Nueva York Macmillan 1981
Vydání:2a. ed
Témata:
Tagy: Přidat tag
Žádné tagy, Buďte první, kdo vytvoří štítek k tomuto záznamu!

MARC

LEADER 00000nam a2200000 a 4500
001 UCS0861
003 CL-VaPUC
008 970428e19810000US |||||||||||||||||eng|d
082 0 4 |a 658  |b HER  |2 21 
100 0 |a Herbert, Theodore T  |e author  |9 384731 
245 1 0 |a Dimensions of organizational behavior 
250 |a 2a. ed 
300 |a 513 p 
942 |c BK 
945 |d 19970428 00:00:00  |a amoreno 
260 |a Nueva York  |b Macmillan  |c 1981 
650 0 |a Organización  |9 256369 
650 0 |a Sistemas   |9 336966 
650 0 |a Tecnología  |9 256742 
650 0 |a Trabajo  |9 313876 
650 0 |a Autoridad   |9 257105 
650 0 |a Personalidad   |9 307255 
650 0 |a Comunicación   |9 257251 
650 0 |a Motivación   |9 315362 
650 7 |a GRUPOS DINAMICOS  |2 CL-VaPUC  |9 384732 
583 |a last modification  |c 19970428 00:00:00  |k Rodrigo Vera 
999 |c 259006  |d 259004 
952 |0 0  |1 0  |4 0  |6 658_000000000000000_HER_1981  |7 0  |8 P  |9 283477  |a BIBGIM  |b BIBGIM  |d 2019-11-19  |i 328123K  |o 658 HER 1981  |p 328123K  |r 2025-01-15  |w 2019-11-19  |y BK  |k COM